Criteria Flags (Europe) Quiz Stats

Quiz not verified by Sporcle

Also try: 'C' in Asia
Challenge
Share
Tweet
Score 0/10 Timer 05:00
0 Plays Today
% Correct
???
52%
???
30.7%
???
22.7%
???
16.2%
???
13.2%
???
9.2%
???
5.1%
???
4.5%
???
4.5%
???
4.5%

You're not logged in!

Compare scores with friends on all Sporcle quizzes.
Sign Up with Email
OR
Log In

You Might Also Like...

Show Comments

Extras

Top Quizzes Today


Score Distribution

Your Account Isn't Verified!

In order to create a playlist on Sporcle, you need to verify the email address you used during registration. Go to your Sporcle Settings to finish the process.